Podróż od Polski po świecie dla Geomexa! - Statystyki

Ogólne statystyki
  • Ten quiz został rozwiązany 581 razy
    580 od ostatniego zresetowania
  • Średni wynik to 20 z 29
Statystyki odpowiedzi
Kierunek Kraj w którym się znajdujesz % Poprawnych
zachód Niemcy
99%
południe Austria
95%
START Polska
93%
zachód Włochy
92%
południe Chorwacja
91%
południe Słowenia
90%
zachód Francja
89%
wschód Serbia
89%
północny zachód Szwajcaria
89%
południowy wschód Bośnia i Hercegowina
88%
południowy wschód Bułgaria
88%
południowy zachód Grecja
88%
północny zachód Albania
87%
zachód Hiszpania
85%
południe Maroko
83%
południowy zachód Mauretania
66%
południowy wschód Brazylia
58%
południe Urugwaj
55%
zachód Kolumbia
52%
wschód RPA
51%
południe Wenezuela
50%
wschód Australia
47%
północny zachód Indonezja
47%
północny wschód Japonia
46%
północ Korea Północna
45%
zachód Korea Południowa
45%
północny wschód Filipiny
44%
północ Tajwan
44%
zachód Portoryko/Dominikana
40%
Nie znaleziono quizów pasujących do podanych kryteriów
Rozkład punktacji
Procent ludzi z każdym wynikiem
Percentyl według liczby udzielonych odpowiedzi
Twoja historia wyników
Nie rozwiązałeś tego quizu od ostatniego zresetowania